LDR 01692naa#a2200181#i#450# 001 RU\\bibl\122178 005 20260502080901.6 011 ## _a2074-1626 100 ## _a20260416b2026####ek#y0rusy0150####ca 102 ## _aRU 200 1# _aИДЕОЛОГИЯ МНОЖЕСТВЕННОСТИ: РОЛЬ ПЛЮРАЛИЗМА В РАЗВИТИИ ЦИВИЛИЗАЦИИ _eЖурнальная статья 210 1# _aСанкт-Петербург _cСанкт-Петербургский университет Государственной противопожарной службы Министерства Российской Федерации по делам гражданской обороны, чрезвычайным ситуациям и ликвидации последствий стихийных бедствий имени Героя Российской Федерации генерала армии Е.Н. Зиничева _d2026 215 ## _a5 с. 608 ## _aЖурнальная статья _2local 675 ## _aКриминалистика. Криминалистическая техника и тактика. 343.98 _aИнформационные технологии. Компьютерные технологии. Теория вычислительных машин и систем. 004 _aИзучение проблемы организации: методология, анализ, синтез, классификация и таксономия (теория, основы), систематизация в целом. 005 _z 700 #1 _aНемова _gНинель Юрьевна 700 #1 _aМатвеева _gЕкатерина Владимировна 856 4# _ajournals.igps.ru _u